NRJ Music Awards 2021 - Les gagnants - Statistiques

Statistiques générales
  • Ce quiz a été pris 16 fois
  • Le résultat moyen est 5 sur 15
Statistiques - réponses
Hint Réponse % Correct
DJ de l'année DJ Snake
63%
Artiste masculin francophone Dadju
56%
Artiste féminine internationale Dua Lipa
50%
Artiste masculin international Ed Sheeran
50%
Groupe/duo internationale Coldplay
38%
Artiste féminine francophone Eva
38%
Collaboration francophone 1,2,3 (Amel Bent & Hatik)
31%
Award d'honneur Imagine Dragons
31%
Révélation francophone Naps
31%
Groupe/duo francophone Vitaa & Slimane
31%
Chanson francophone Evidemment (Kendji Girac)
25%
Révélation internationale Olivia Rodrigo
25%
Chanson internationale Bad Habits (Ed Sheeran)
19%
Clip de l'année De l'or (Vitaa & Slimane)
19%
Collaboration internationale Can't leave you alone (Maroon 5 & Juice Wrld)
6%
Aucun quiz correspondant
Distribution des résultats
% des personnes avec chaque résultat
Percentile par nombre de réponses
Votre historique - résultats
Vous n’avez pas pris ce quiz